000 01141nam0a22002771 4500
001 rc\385917
005 20030616165215.8
035 _a(NLR Aleph) 005636111
090 _a6619258
_c6619258
100 _a20030616d1990 u |0rusy50 ca
101 0 _arus
102 _aRU
105 _ay |||||||||
200 1 _aПрофилактика пьянства среди несовершеннолетних
_eУчеб. пособие
_fВ.М. Фокин, В.Р. Кисловская, Н.К. Шмелева
210 _aМ.
_cВНИИ МВД СССР
_d1990 (1991)
215 _a71, [1] с.
_d22
225 1 _aБиблиотека участкового инспектора милиции
_fМ-во внутр. дел СССР, ВНИИ
320 _aБиблиогр.: с. 71 (21 назв.)
700 1 _aФокин
_bВ. М.
_gВячеслав Михайлович
701 1 _aКисловская
_bВ. Р.
_gВалентина Романовна
701 1 _aШмелева
_bН. К.
_gНина Константиновна
801 0 _aRU
_bNLR
_gpsbo
801 1 _aRU
_bELAR
_2rusmarc
852 _aNLR
_j91-6/1754
942 _cBOOK
980 _aNB